| 000 | 00489nam a2200241Ia 4500 | ||
|---|---|---|---|
| 003 | IT-RoPAU | ||
| 008 | 120407s9999 xx 000 0 und d | ||
| 040 | _aIT-RoPAU | ||
| 040 | _cIT-RoPAU | ||
| 041 | _aita | ||
| 100 | _aNicola Abbagnano | ||
| 245 | _aPer o contro l’uomo | ||
| 250 | _aMilano | ||
| 260 | _aRizzoli | ||
| 260 | _c1968 | ||
| 300 | _a386 p. | ||
| 300 | _b\ | ||
| 300 | _c21 cm | ||
| 490 | _aSaggi Rizzoli | ||
| 490 | _v11 | ||
| 942 | _cBK | ||
| 999 |
_c33859 _d33859 |
||